Ovocie prekladu

Bibliographic Details
Main Authors: Koprda, Pavol, 1947- (Author), Rúfus, Milan, 1928-2009 (Author)
Format: Article
Language:Slovak
PhysicalDescription:Obr. 1
Subjects:

MARC

LEADER 00000nab a2200000 a 4500
001 vtls000503000
003 SK-MaSNL
005 20260303232311.0
008 240322c1993 xo 0 slo
015 |a SNBRB19rr/mm-uuuuu 
035 |a CL0503138 
040 |a SNKBUCL  |b slo  |c SNKBUCL  |e AACR2 
041 0 |a slo 
044 |a xo  |c SK 
080 |a 82.035(048):885.4-1  |2 1981 
080 |a 82.09  |2 1981 
080 |a 885.4-1.035(=50)(048)  |2 1981 
100 1 |a Koprda, Pavol,  |d 1947-  |4 aut  |9 107014 
245 1 0 |a Ovocie prekladu  |c Pavol Koprda 
300 |b Obr. 1 
600 1 7 |a Rúfus, Milan,  |d 1928-2009  |2 snkbucl  |9 108568 
650 0 7 |a slovenská poézia  |2 snkbucl  |9 215422 
650 0 7 |a literárny preklad  |2 snkbucl  |9 28595 
650 0 7 |a preklady do taliančiny  |2 snkbucl  |9 110719 
655 7 |a recenzie  |2 snkbucl  |9 21907 
655 7 |a články z odboru literárna veda a krásna literatúra  |2 snkbucl  |9 770045 
655 7 |a články z novín a časopisov  |2 snkbucl  |9 267496 
700 1 |a Rúfus, Milan,  |d 1928-2009  |4 aut  |9 108568 
773 0 |t Literárny týždenník  |g Roč. 6, č. 39 (1993), s. 5 
787 0 8 |i Rec.:  |a Rúfus, Milan, 1928-2009  |t Poesie  |d Napoli : Plural, 1992 
850 |a Slovenská národná knižnica v Martine  |a MTA001 
852 |a SNK  |b KIS3GCP 
958 |a RK 
958 |a LX 
999 |c 2271213  |d 2273143